000 00620nam a22001937a 4500
999 _c15286
_d15286
003 AR-CdUCM
008 190426b ||||| |||| 00| 0 spa d
020 _a978-607-735-389-8
040 _aMUNICIPALIDAD PROVINCIAL DEL CUSCO
_cBIBLIOTECA MUNICIPAL DEL CUSCO
082 _aPI / 790 /
_bIM41
110 _aIMAPLA
_934330
245 _aLola y Peret : todo el día en el circo /
260 _aBarcelona :
_bOceanos,
_c2015.
300 _a16 paginas ;
_bIlustraciones plegables,
_c23 cm.
650 _aAventura en el circo
_934331
650 _aArte recreativo
_934332
942 _2ddc
_cLIBROS
945 _awnts
_d2019-04-26